आलोचना का जनपक्ष / (Record no. 112003)
[ view plain ]
| 000 -LEADER | |
|---|---|
| fixed length control field | 01105nam a22002777a 4500 |
| 003 - CONTROL NUMBER IDENTIFIER | |
| control field | dpl |
| 005 - DATE AND TIME OF LATEST TRANSACTION | |
| control field | 20190213104447.0 |
| 008 - FIXED-LENGTH DATA ELEMENTS--GENERAL INFORMATION | |
| fixed length control field | 190213b ||||| |||| 00| 0 eng d |
| 010 ## - LIBRARY OF CONGRESS CONTROL NUMBER | |
| LC control number | B-102698 |
| 020 ## - INTERNATIONAL STANDARD BOOK NUMBER | |
| Terms of availability | 400.00 |
| International Standard Book Number | 8181430069 |
| 035 ## - SYSTEM CONTROL NUMBER | |
| System control number | B-102698, B-102706 |
| 037 ## - SOURCE OF ACQUISITION | |
| Source of stock number/acquisition | Cen Lib/Ret |
| 040 ## - CATALOGING SOURCE | |
| Original cataloging agency | DPL |
| Language of cataloging | HN |
| Transcribing agency | 0 |
| 082 ## - DEWEY DECIMAL CLASSIFICATION NUMBER | |
| Classification number | 820.8 |
| Item number | चन्द्रब |
| 100 ## - MAIN ENTRY--PERSONAL NAME | |
| Personal name | चन्द्रबली सिंह |
| 9 (RLIN) | 45434 |
| 245 ## - TITLE STATEMENT | |
| Title | आलोचना का जनपक्ष / |
| Statement of responsibility, etc | चन्द्रबली सिंह |
| 246 ## - VARYING FORM OF TITLE | |
| Title proper/short title | Alochna ka janpaksh / |
| Remainder of title | by Chandrabali Singh |
| 260 ## - PUBLICATION, DISTRIBUTION, ETC. (IMPRINT) | |
| Place of publication, distribution, etc | नयी दिल्ली |
| Name of publisher, distributor, etc | वाणी प्रकाशन |
| Date of publication, distribution, etc | 2003 |
| 270 ## - ADDRESS | |
| City | नयी दिल्ली |
| Address | 21-ए, दरयागंज |
| Postal code | 110002 |
| 300 ## - PHYSICAL DESCRIPTION | |
| Extent | 418पृ. |
| Dimensions | 21सेमी(सजिल्द ) |
| 650 ## - SUBJECT ADDED ENTRY--TOPICAL TERM | |
| Topical term or geographic name as entry element | हिंदी साहित्य |
| General subdivision | |
| Geographic subdivision | |
| 9 (RLIN) | 45435 |
| 650 ## - SUBJECT ADDED ENTRY--TOPICAL TERM | |
| Form subdivision | |
| Topical term or geographic name as entry element | हिंदी आलोचना |
| 9 (RLIN) | 7 |
| 650 ## - SUBJECT ADDED ENTRY--TOPICAL TERM | |
| Topical term or geographic name as entry element | Hindi litarature |
| 9 (RLIN) | 45436 |
| 650 ## - SUBJECT ADDED ENTRY--TOPICAL TERM | |
| Topical term or geographic name as entry element | Hindi criticism |
| 9 (RLIN) | 42688 |
| 942 ## - ADDED ENTRY ELEMENTS (KOHA) | |
| Source of classification or shelving scheme | Dewey Decimal Classification |
| Koha item type | Hindi Books |
| Classification part | 820.8 |
| Call number suffix | चन्द्रब |
| Withdrawn status | Lost status | Damaged status | Not for loan | Home library | Current library | Date acquired | Source of acquisition | Cost, normal purchase price | Total Checkouts | Full call number | Barcode | Date last seen | Copy number | Cost, replacement price | Price effective from | Koha item type | Source of classification or shelving scheme | Collection code |
|---|---|---|---|---|---|---|---|---|---|---|---|---|---|---|---|---|---|---|
| Central Library | Central Library | 06/08/2015 | Cen Lib/Ret | 400.00 | 820.8 चन्द्रब | B-102698 | 06/08/2015 | 1 | 400.00 | 06/08/2015 | Hindi Books | |||||||
| Shahdara Branch | Shahdara Branch | 13/02/2019 | BPPD/PUB | 400.00 | 820.8 चन्द्रब | B-102706 | 13/02/2019 | 400.00 | 13/02/2019 | Hindi Books | Dewey Decimal Classification | Non-fiction |
